|
|
|
|
| LEADER |
01474nam a2200217 a 4500 |
| 003 |
GR-PaULI |
| 005 |
20190605110513.0 |
| 008 |
150819s2002 gr df gre d |
| 952 |
|
|
|0 0
|1 0
|2 ddc
|4 0
|6 660_281000000000000_2_ΠΑΠ
|7 0
|9 232663
|a LISA
|b LISA
|c BSC
|d 2019-06-05
|i 15105
|l 0
|o 660.281 2 ΠΑΠ
|p 025000262417
|r 2019-06-05 00:00:00
|t 1
|w 2019-06-05
|y BK15
|
| 999 |
|
|
|c 141286
|d 141286
|
| 040 |
|
|
|a GR-PaULI
|b gre
|c GR-PaULI
|d GR-AiPI
|e AACR2
|
| 082 |
0 |
4 |
|a 660.281 2
|2 23
|
| 100 |
1 |
|
|a Παπαδάκης, Ευάγγελος Γ.
|9 22180
|e συγγραφέας.
|
| 245 |
1 |
0 |
|a Σχεδιασμός διεργασιών και εγκαταστάσεων :
|b σημειώσεις μαθήματος /
|c Ε. Γ. Παπαδάκη.
|
| 260 |
|
|
|a Αγρίνιο :
|b Πανεπιστήμιο Ιωαννίνων - Τμήμα Διαχείρισης Περιβάλλοντος και Φυσικών Πόρων,
|c 2002.
|
| 300 |
|
|
|a vii, 212 σ. :
|b σχήμ., πίν. ;
|c 28 εκ.
|
| 504 |
|
|
|a Βιβλιογραφία : σ. 203-204.
|
| 505 |
|
|
|a Δομή εισόδου-εξόδου, διάγραμμα ροής, ισοζύγια μάζας, αντιδραστήρες, αζεοτροπικά μίγματα με αντιδρώντα, σχεδιασμός με χρήση ηλεκτρονικού υπολιστή, πρόγραμμα CAD (Flowtran), σχεδιασμός βιομηχανιών.
|
| 650 |
|
4 |
|a Χημική μηχανική
|9 2241
|
| 942 |
|
|
|2 ddc
|c BK15
|
| 998 |
|
|
|c ΜΙΧΟΣΤΑΥΡΟΥ
|d 2019-06
|